[Event "2nd League CS-East 2011"]
[Site ""]
[Date "2011.10.14"]
[Round "7.11"]
[White "Delchev, Aleksander"]
[Black "Nikolic, Stanimir"]
[Result "1-0"]
[WhiteElo "2620"]
[BlackElo "2277"]
[PlyCount "0"]
[EventDate "2011.09.11"]

1.Nf3 c5 2.e4 d6 3.d4 cxd4 4.Nxd4 Nf6 5.Nc3 a6 6.Bc4 e6 7.Bb3
Be7 8.g4 Qa5 9.Bd2 Qc5 10.Be3 Qa5 11.f3 Nfd7 12.Qe2 Nc5 13.O-O-O
b5 14.Kb1 b4 15.Nd5 exd5 16.Bxd5 Ra7 17.Nf5 Bxf5 18.exf5 f6 19.Rhe1
Kd8 20.Rd4 Re8 21.Bd2 Qb5 22.Qc4 Qb6 23.Bf7 a5 24.Bxe8 Kxe8 25.Bf4
Na4 26.Rxd6 Nc6 27.Qe6 Kf8 28.Rxc6 1-0

[Event "2nd League CS-East 2011"]
[Site ""]
[Date "2011.10.14"]
[Round "7.12"]
[White "Rajkovic, Ljubisa"]
[Black "Nestorovic, Lazar"]
[Result "1-0"]
[WhiteElo "2184"]
[BlackElo "2397"]
[PlyCount "0"]
[EventDate "2011.09.11"]

1.d4 Nf6 2.c4 g6 3.Nc3 Bg7 4.e4 d6 5.Be2 O-O 6.Bg5 Nbd7 7.Qd2
e5 8.d5 a5 9.h4 Nc5 10.f3 Qe8 11.Nb5 Na6 12.g4 Bd7 13.Qxa5 c6
14.Na3 h5 15.Bxf6 Bxf6 16.gxh5 gxh5 17.O-O-O cxd5 18.Qxd5 Be6
19.Qd2 Kh7 20.Nh3 Bxh3 21.Rxh3 Qe6 22.Rh2 Nc5 23.Kb1 Rg8 24.Nb5
Qe7 25.Qxd6 Rad8 26.Qxe7 Rxd1+ 27.Kc2 Rc1+ 28.Kxc1 Rg1+ 29.Kc2
Bxe7 30.b4 Ne6 31.c5 Bf8 32.Bc4 Nd8 33.a3 Bh6 34.Bd5 Rc1+ 35.Kb3
Rf1 36.Rh3 Rb1+ 37.Ka4 Bf8 38.Rg3 Be7 39.Nd6 Bxh4 40.Rh3 Be7
41.Rxh5+ Kg6 42.Rxe5 Bf6 43.Re8 1-0

[Event "2nd League CS-East 2011"]
[Site ""]
[Date "2011.10.14"]
[Round "7.13"]
[White "Trickovic, Borivoje"]
[Black "Milunovic, Toni"]
[Result "0-1"]
[WhiteElo "2211"]
[BlackElo "2283"]
[PlyCount "0"]
[EventDate "2011.09.11"]

1.d4 d6 2.g3 e5 3.Bg2 Nd7 4.c4 Be7 5.Nc3 Ngf6 6.Nf3 O-O 7.h3
c6 8.O-O h6 9.Qc2 Nh7 10.e4 a6 11.b3 Ng5 12.Nxg5 Bxg5 13.Ne2
Bxc1 14.Raxc1 Qe7 15.Rcd1 Re8 16.Rfe1 Nf6 17.Qd2 Bd7 18.Nc3 Rad8
19.Re3 Be6 20.Rd3 Rb8 21.Qe3 b5 22.cxb5 axb5 23.dxe5 dxe5 24.Rd6
Rec8 25.b4 Ra8 26.R1d2 Ne8 27.R6d3 Qxb4 28.a3 0-1

[Event "2nd League CS-East 2011"]
[Site ""]
[Date "2011.10.14"]
[Round "7.14"]
[White "Arsenijevic, Ivan"]
[Black "Mincic, Srbislav"]
[Result "1/2-1/2"]
[WhiteElo "2180"]
[BlackElo "2288"]
[PlyCount "0"]
[EventDate "2011.09.11"]

1.d4 d5 2.Nf3 Nf6 3.c4 c6 4.Nc3 a6 5.e3 b5 6.cxd5 cxd5 7.Bd3
Bb7 8.O-O Nbd7 9.Ne5 e6 10.f4 Bd6 11.Bd2 Rc8 12.a3 Ne4 13.Na2
Nxd2 14.Qxd2 f6 15.Qe2 O-O 16.Qh5 f5 17.Nxd7 Qxd7 18.Rac1 1/2-1/2

[Event "2nd League CS-East 2011"]
[Site ""]
[Date "2011.10.14"]
[Round "7.16"]
[White "Kostic, Tomislav"]
[Black "Randjelovic, Dragana"]
[Result "1/2-1/2"]
[WhiteElo "1765"]
[BlackElo "2065"]
[PlyCount "0"]
[EventDate "2011.09.11"]

1.e4 c5 2.Nf3 e6 3.d4 cxd4 4.Nxd4 a6 5.Nc3 Qc7 6.Be3 b5 7.a3
Bb7 8.f3 Nf6 9.Be2 Nc6 10.O-O Nxd4 11.Qxd4 Rc8 12.Kh1 Bc5 13.Qxc5
Qxc5 14.Bxc5 Rxc5 15.Rad1 Ke7 16.Rd4 h5 17.a4 Bc6 1/2-1/2

[Event "2nd League CS-East 2011"]
[Site ""]
[Date "2011.10.14"]
[Round "7.21"]
[White "Livaja, Mario"]
[Black "Radosavljevic, Slobodan D"]
[Result "1/2-1/2"]
[WhiteElo "2228"]
[BlackElo "2248"]
[PlyCount "0"]
[EventDate "2011.09.11"]

1.d4 c5 2.d5 Nf6 3.Nf3 g6 4.g3 Bg7 5.Bg2 O-O 6.O-O d6 7.c4 b5
8.cxb5 a6 9.bxa6 Bxa6 10.Nc3 Nbd7 11.h3 Nb6 12.Re1 Nfd7 13.e4
Nc4 14.Qc2 Qa5 15.Bf1 Rfb8 16.Bxc4 Bxc4 17.Bd2 Qa6 18.Bf4 Bd3
19.Qd2 c4 20.e5 1/2-1/2

[Event "2nd League CS-East 2011"]
[Site ""]
[Date "2011.10.14"]
[Round "7.22"]
[White "Komnenic, Branko"]
[Black "Stojanovic, Zoran H"]
[Result "0-1"]
[WhiteElo "2298"]
[BlackElo "2165"]
[PlyCount "0"]
[EventDate "2011.09.11"]

1.d4 d5 2.c4 c6 3.Bf4 Nf6 4.e3 Qb6 5.Qb3 Qxb3 6.axb3 Bf5 7.Nc3
Nbd7 8.Nf3 e6 9.c5 Nh5 10.b4 Nxf4 11.exf4 Be7 12.b5 O-O 13.b4
Bg4 14.bxc6 bxc6 15.b5 Bxf3 16.gxf3 Bf6 17.O-O-O Nxc5 18.Kc2
Nb7 19.bxc6 Na5 20.Bb5 Rac8 21.Kd3 Nxc6 22.Bxc6 Rxc6 23.Ra1 Rfc8
24.Ne2 Rb6 25.Rhb1 g6 26.Rxb6 axb6 27.Rb1 Bd8 28.Ra1 b5 29.Rb1
Rb8 30.Kc3 Ba5+ 31.Kd3 Bd8 32.Kc3 b4+ 33.Kd3 Be7 34.Ra1 b3 35.Rb1
Ba3 36.Nc3 Kg7 37.Ra1 Bb2 38.Rb1 Bxc3 39.Kxc3 b2 0-1

[Event "2nd League CS-East 2011"]
[Site ""]
[Date "2011.10.14"]
[Round "7.23"]
[White "Ristic, Milan"]
[Black "Popovic, Djordje D"]
[Result "0-1"]
[WhiteElo "2113"]
[BlackElo "2261"]
[PlyCount "0"]
[EventDate "2011.09.11"]

1.d4 Nf6 2.c4 e6 3.Nc3 Bb4 4.Qc2 O-O 5.a3 Bxc3+ 6.Qxc3 Qe8 7.Bf4
d6 8.h3 Nbd7 9.Nf3 b6 10.e3 Bb7 11.Be2 Ne4 12.Qc2 f5 13.O-O e5
14.dxe5 dxe5 15.Bh2 Qg6 16.b4 Ng5 17.Nxg5 Qxg5 18.g3 Qh6 19.Rfd1
Nf6 20.Bf1 Bf3 21.Rdc1 Ne4 22.Bg2 Bxg2 23.Kxg2 Ng5 24.h4 Qc6+
25.e4 Nxe4 26.f3 Nd6 27.b5 Qe8 28.Bg1 f4 29.g4 e4 30.Bd4 h5 31.g5
Qe6 32.Qe2 Rae8 33.a4 Nf5 34.Bf2 exf3+ 35.Qxf3 Ne3+ 36.Kh1 Ng4
37.Ra2 Qe4 38.Kg2 Ne3+ 39.Bxe3 fxe3 40.Qxe4 Rxe4 41.c5 bxc5 42.Re2
Rg4+ 43.Kh1 Rxh4+ 44.Kg1 Rg4+ 45.Kh1 Rf3 46.Rxc5 Rh3+ 47.Rh2
Rxh2+ 48.Kxh2 Re4 49.Rc1 Rxa4 50.Rxc7 Re4 51.g6 Re8 52.Rc1 e2
53.Re1 Re6 54.Kh3 Rxg6 55.Rxe2 Rg5 56.Rb2 g6 57.Ra2 Rxb5 58.Rxa7
Rf5 59.Kh4 Rf7 60.Ra5 Rf4+ 61.Kg5 Rg4+ 62.Kf6 Kh7 63.Ra8 h4 64.Rb8
Rg3 65.Rb4 g5 66.Kf5 h3 67.Rb7+ Kh6 68.Rb8 g4 69.Rh8+ Kg7 70.Rh4
Rg2 71.Kf4 h2 0-1

[Event "2nd League CS-East 2011"]
[Site ""]
[Date "2011.10.14"]
[Round "7.24"]
[White "Stefanovic, Vladimir"]
[Black "Ostojic, Nikola M"]
[Result "1/2-1/2"]
[WhiteElo "2204"]
[BlackElo "2081"]
[PlyCount "0"]
[EventDate "2011.09.11"]

1.c4 c6 2.Nf3 d5 3.Qc2 Nf6 4.g3 e6 5.Bg2 Bd6 6.O-O Nbd7 7.b3
Ne5 8.d4 Nxf3+ 9.exf3 dxc4 10.bxc4 O-O 11.f4 c5 12.d5 exd5 13.cxd5
Bd7 14.Bb2 b5 15.Nd2 Re8 16.Nf3 h6 17.Ne5 Qb6 18.Rfe1 c4 19.Rad1
Bb4 20.Bc3 Bxc3 21.Qxc3 Qd6 22.a3 a6 23.g4 Bc8 24.Qb4 Rd8 25.Rd4
Qxb4 26.axb4 Rd6 27.g5 Ne8 28.Rde4 1/2-1/2

[Event "2nd League CS-East 2011"]
[Site ""]
[Date "2011.10.14"]
[Round "7.31"]
[White "Biljanic, Ljubomir"]
[Black "Dinic, Dragan"]
[Result "1/2-1/2"]
[WhiteElo "2297"]
[BlackElo "2290"]
[PlyCount "0"]
[EventDate "2011.09.11"]

1.d4 Nf6 2.c4 g6 3.Nc3 d5 4.Nf3 Bg7 5.Qb3 c6 6.Bg5 Ne4 7.cxd5
Nxg5 8.Ne5 O-O 9.Nf3 cxd5 10.Qxd5 Nc6 11.Qxd8 Rxd8 12.e3 e5 13.dxe5
Bg4 14.Be2 Bxf3 15.gxf3 Bxe5 16.Rd1 Nb4 17.Bc4 Rxd1+ 18.Nxd1
Rc8 19.Bb3 Nd3+ 20.Ke2 Nxb2 21.f4 Bf6 22.e4 Rc1 23.Bd5 Bd4 24.Bxb7
Rxd1 25.Rxd1 Nxd1 26.Kxd1 Bxf2 1/2-1/2

[Event "2nd League CS-East 2011"]
[Site ""]
[Date "2011.10.14"]
[Round "7.32"]
[White "Vebel, Goran"]
[Black "Kajganovic, Miodrag"]
[Result "1-0"]
[WhiteElo "2104"]
[BlackElo "2270"]
[PlyCount "0"]
[EventDate "2011.09.11"]

1.d4 c6 2.c4 d5 3.Nf3 Nf6 4.Nc3 a6 5.a4 g6 6.Bg5 Bg7 7.e3 Ne4
8.Bf4 Nxc3 9.bxc3 O-O 10.Qb3 e6 11.c5 Nd7 12.Be2 e5 13.Bg3 exd4
14.exd4 Re8 15.Ra2 Nf6 16.Be5 Ne4 17.Bxg7 Kxg7 18.O-O Qc7 19.Rb2
Re7 20.Bd3 Bf5 21.c4 dxc4 22.Qxc4 Rd8 23.Re2 Be6 24.Qc2 Nf6 25.Rfe1
Qf4 26.Re3 Red7 27.h3 Qc7 28.Rxe6 fxe6 29.Ng5 Qa5 30.Nxe6+ Kh8
31.Qe2 Rd5 32.Bc4 R8d7 33.Bxd5 Rxd5 34.Rb1 Qxa4 35.Rxb7 a5 36.Rf7
Ng8 37.Nf8 Nh6 38.Rxh7+ Kg8 39.Qe6+ 1-0

[Event "2nd League CS-East 2011"]
[Site ""]
[Date "2011.10.14"]
[Round "7.34"]
[White "Mijovic, Cedomir"]
[Black "Vulicevic, Bratimir"]
[Result "1-0"]
[WhiteElo "1961"]
[BlackElo "2146"]
[PlyCount "0"]
[EventDate "2011.09.11"]

1.d4 e6 2.c4 Nf6 3.Nf3 d5 4.e3 Be7 5.Bd3 O-O 6.Nbd2 Nbd7 7.O-O
Re8 8.b3 Nf8 9.Bb2 c6 10.Qc2 Bd7 11.Rfe1 Rc8 12.e4 g6 13.Rad1
Qc7 14.e5 Nh5 15.c5 a5 16.a3 Ra8 17.b4 b6 18.Bc3 axb4 19.axb4
bxc5 20.bxc5 Ra7 21.Ra1 Rea8 22.Rxa7 Rxa7 23.Rb1 Bc8 24.Ra1 Rxa1+
25.Bxa1 Qa7 26.Bc3 Nd7 27.Nb3 Bd8 28.g3 Qa4 29.Na5 Qxc2 30.Bxc2
Nb8 31.Ba4 Bd7 32.Kf1 Ng7 33.Ke2 Nf5 34.Nb7 Bc7 35.g4 Ne7 36.Nd6
h6 37.h4 Kg7 38.Bc2 Bd8 39.Nb7 Bc7 40.Nd2 Bc8 41.Na5 Bd8 42.Ba4
Bc7 43.Bc2 Bd8 44.Ba4 Bc7 45.f3 Bd8 46.Ke3 Bc7 47.Nab3 Kf8 48.Nf1
Kg7 49.Ng3 Kg8 50.Ba5 Bxa5 51.Nxa5 Ba6 52.Bc2 Kg7 53.f4 Bc8 54.Bd3
Kg8 55.f5 gxf5 56.gxf5 f6 57.Kf4 Kf7 58.fxe6+ Bxe6 59.Nb7 Bh3 1-0

[Event "2nd League CS-East 2011"]
[Site ""]
[Date "2011.10.14"]
[Round "7.35"]
[White "Radosavljevic, Novica"]
[Black "Stanojlovic, Vladimir"]
[Result "0-1"]
[WhiteElo "2119"]
[BlackElo "2110"]
[PlyCount "0"]
[EventDate "2011.09.11"]

1.e4 c5 2.Nf3 Nc6 3.d4 cxd4 4.Nxd4 g6 5.Nc3 Bg7 6.Be3 Nf6 7.Bc4
O-O 8.f3 Qb6 9.Bb3 Ng4 10.Na4 Qb4+ 11.c3 Nxe3 12.Nxc6 Qb5 13.Nxe7+
Kh8 14.Qd2 Qg5 15.g3 Ng2+ 16.Qxg2 Qxe7 17.Bd5 Rb8 18.Qf2 d6 19.Qxa7
Bh3 20.O-O-O Bg2 21.Rhe1 Bxf3 22.Rd3 Bg4 23.b3 f5 24.Qe3 b5 25.Nb2
Qc7 26.Nd1 Qa5 27.Qd2 Rfc8 28.Ree3 Bh6 29.Kb1 Rc7 30.Nf2 Bh5
31.b4 Qb6 32.g4 fxg4 33.Qe1 Rf8 34.Nd1 Bf4 35.Re2 g3 36.hxg3
Bxe2 37.Qxe2 Be5 38.g4 Qg1 39.Kb2 Qh2 40.Qxh2 Bxh2 41.Kb3 Rf4
42.Rh3 Bg1 43.Rg3 Bb6 0-1

[Event "2nd League CS-East 2011"]
[Site ""]
[Date "2011.10.14"]
[Round "7.36"]
[White "Milosavljevic, Milica"]
[Black "Dinic, Miodrag"]
[Result "1-0"]
[WhiteElo "1896"]
[BlackElo "2120"]
[PlyCount "0"]
[EventDate "2011.09.11"]

1.c4 Nf6 2.Nc3 g6 3.g3 Bg7 4.Bg2 O-O 5.e4 d6 6.Nge2 c6 7.d3 Nbd7
8.O-O Qc7 9.h3 b6 10.Be3 Bb7 11.f4 Kh8 12.Qd2 Ng8 13.f5 e5 14.fxe6
fxe6 15.Nd4 Rae8 16.Rxf8 Nxf8 17.Rf1 e5 18.Nf3 Ne6 19.Ng5 Nxg5
20.Bxg5 h6 21.Be3 Qe7 22.a4 Rf8 23.Rxf8 Bxf8 24.a5 Qc7 25.axb6
axb6 26.Qf2 Kg7 27.Bxb6 Qd7 28.Be3 Nf6 29.Bxh6+ Kxh6 30.Qxf6 1-0

[Event "2nd League CS-East 2011"]
[Site ""]
[Date "2011.10.14"]
[Round "7.41"]
[White "Jovic, Stanoje"]
[Black "Devetak, Dusan"]
[Result "1-0"]
[WhiteElo "2334"]
[BlackElo "2204"]
[PlyCount "0"]
[EventDate "2011.09.11"]

1.c4 Nf6 2.Nc3 g6 3.g3 Bg7 4.Bg2 O-O 5.Nf3 d6 6.O-O c6 7.d3 Nbd7
8.Rb1 Rb8 9.b4 e5 10.b5 c5 11.Bg5 h6 12.Bxf6 Nxf6 13.Ne1 Be6
14.Qa4 Qb6 15.Nc2 h5 16.Ne3 Bh6 17.Ned5 Bxd5 18.Bxd5 Bd2 19.Nd1
Nxd5 20.cxd5 f5 21.Nb2 Bg5 22.Nc4 Qc7 23.b6 axb6 24.Rxb6 Rfd8
25.Rfb1 Rd7 26.Qb3 Bd8 27.a4 f4 28.a5 fxg3 29.hxg3 Ra8 30.Rxb7
Qxb7 31.Qxb7 Rxb7 32.Rxb7 Bxa5 33.Nxd6 Rd8 34.Ne4 Kf8 35.d6 Bb4
36.Rh7 Ba5 37.Kg2 Bb6 38.Kh3 Kg8 39.Rb7 Ba5 40.Kh4 Rf8 41.f3
Bd8+ 1-0

[Event "2nd League CS-East 2011"]
[Site ""]
[Date "2011.10.14"]
[Round "7.42"]
[White "Dodic, Dragan"]
[Black "Stankovic, Ivan G"]
[Result "1/2-1/2"]
[WhiteElo "2136"]
[BlackElo "2201"]
[PlyCount "0"]
[EventDate "2011.09.11"]

1.d4 g6 2.c4 Bg7 3.Nc3 d6 4.e4 Nd7 5.Nf3 e5 6.d5 Ne7 7.h3 h6
8.Be3 f5 9.g3 O-O 10.Bd3 Nf6 11.Nh4 fxe4 12.Nxe4 g5 13.Nxf6+
Rxf6 14.Nf3 Nf5 15.Qe2 c5 16.Nd2 a6 17.Ne4 Rf7 1/2-1/2

[Event "2nd League CS-East 2011"]
[Site ""]
[Date "2011.10.14"]
[Round "7.43"]
[White "Krstic, Ranko"]
[Black "Vlajic, Sasa"]
[Result "1/2-1/2"]
[WhiteElo "2231"]
[BlackElo "2182"]
[PlyCount "0"]
[EventDate "2011.09.11"]

1.d4 Nf6 2.c4 c5 3.d5 b5 4.cxb5 a6 5.e3 axb5 6.Bxb5 Qa5+ 7.Nc3
Ne4 8.Nge2 g6 9.O-O Nxc3 10.Nxc3 Bg7 11.Qc2 O-O 12.a4 d6 13.e4
Na6 14.Bg5 Nb4 15.Qd2 Qc7 16.Rac1 f6 17.Be3 Bd7 18.b3 Bxb5 19.Nxb5
Qd7 20.Na3 f5 21.Nc4 Qb7 22.f3 Rab8 23.Rfd1 fxe4 24.fxe4 Qd7
25.h3 Na6 26.Rb1 Rb4 27.Qd3 Rbb8 28.Qd2 Rb4 29.Qd3 Rbb8 1/2-1/2

[Event "2nd League CS-East 2011"]
[Site ""]
[Date "2011.10.14"]
[Round "7.44"]
[White "Tosic, Branislav"]
[Black "Zivkovic, Nemanja"]
[Result "1/2-1/2"]
[WhiteElo "2244"]
[BlackElo "2173"]
[PlyCount "0"]
[EventDate "2011.09.11"]

1.d4 Nf6 2.c4 e6 3.Nf3 b6 4.a3 Bb7 5.Nc3 d5 6.Bg5 Be7 7.e3 Nbd7
8.cxd5 Nxd5 9.Bxe7 Qxe7 10.Rc1 Nxc3 11.Rxc3 Qd6 12.Bd3 h6 13.Qc2
Rc8 14.Be4 c6 15.O-O f5 16.Bd3 O-O 17.Qe2 Ba8 18.Rfc1 e5 19.Bc4+
Kh8 20.dxe5 Nxe5 21.Rd1 Qf6 22.Nxe5 Qxe5 23.Rcd3 f4 24.Rd7 Rce8
25.e4 Qxe4 26.Qg4 Re7 27.Rd8 Rfe8 28.Rxe8+ Rxe8 29.Bf1 c5 30.h4
Qe5 31.Bd3 f3 32.gxf3 Qf6 33.Qg6 Qxg6+ 34.Bxg6 1/2-1/2

[Event "2nd League CS-East 2011"]
[Site ""]
[Date "2011.10.14"]
[Round "7.45"]
[White "Trickovic, Vladimir"]
[Black "Floricelovic, Milos"]
[Result "1-0"]
[WhiteElo "2123"]
[BlackElo "2067"]
[PlyCount "0"]
[EventDate "2011.09.11"]

1.d4 Nf6 2.Bf4 d5 3.e3 g6 4.c3 Bg7 5.Bd3 c6 6.Nd2 Be6 7.Ngf3
h6 8.O-O Nbd7 9.Ne5 Nxe5 10.Bxe5 O-O 11.Bxf6 exf6 12.e4 dxe4
13.Nxe4 b6 14.Ng3 f5 15.Ne2 Qd6 16.Qc2 Rad8 17.Rad1 Rd7 18.a3
Bd5 19.f3 Re8 20.Nf4 Re3 21.Kf2 b5 22.b3 Rde7 23.c4 bxc4 24.bxc4
Be6 25.d5 cxd5 26.cxd5 Bxd5 27.Bc4 Rc3 28.Qa4 Rxc4 29.Qxc4 Bxc4
30.Rxd6 Bxf1 31.Kxf1 Re3 32.Rd8+ Bf8 33.Nd5 Re6 34.Nf4 Ra6 35.Rd2
Rxa3 36.Nd3 Bd6 37.Ke2 Kg7 38.Rc2 g5 39.Rd2 h5 40.Kf2 a5 41.Kg1
f6 42.Kf2 Be5 43.Kg1 Bc3 44.Rc2 Kf7 45.Nc1 Ke6 46.Nb3 Be5 47.h3
a4 48.Nc5+ Kd5 49.Nd7 Rc3 50.Nb6+ Kd4 51.Rxc3 Kxc3 52.Nxa4+ Kb4
53.Nb6 Ka3 54.Nd5 Ka2 55.f4 Bd4+ 1-0

[Event "2nd League CS-East 2011"]
[Site ""]
[Date "2011.10.14"]
[Round "7.46"]
[White "Vukas, Radenko"]
[Black "Jovanovic, Boban"]
[Result "1-0"]
[WhiteElo "2170"]
[BlackElo "2186"]
[PlyCount "0"]
[EventDate "2011.09.11"]

1.e4 c6 2.d4 d5 3.Nc3 dxe4 4.Nxe4 Nf6 5.Ng3 h5 6.h3 h4 7.N3e2
Bf5 8.Nf3 Ne4 9.Nf4 e6 10.c3 Nd7 11.Bd3 g5 12.Ne2 Be7 13.Qc2
Nd6 14.Bxf5 Nxf5 15.Bd2 Rg8 16.Nh2 Qc7 17.O-O-O O-O-O 18.Ng4
Kb8 19.Rhe1 Nb6 20.Kb1 c5 21.dxc5 Bxc5 22.Ng1 Nd5 23.Nf3 Nf4
24.Rg1 Be7 25.Qe4 Nd5 26.Rge1 Nd6 27.Qa4 f5 28.Ne3 Ne4 29.Nxd5
exd5 30.Be3 Bc5 31.Nd4 Bxd4 32.Bxd4 Nc5 33.Qa3 Nd7 34.Qxa7+ Kc8
35.Re7 Qb8 36.Qa5 Qd6 37.Rde1 g4 38.R1e6 Qc7 39.Bb6 1-0

[Event "2nd League CS-East 2011"]
[Site ""]
[Date "2011.10.14"]
[Round "7.4.7"]
[White "Stoiljkovic, Stefan"]
[Black "Dragic, Vladimir"]
[Result "0-1"]
[WhiteElo "1942"]
[BlackElo "2161"]
[PlyCount "0"]
[EventDate "2011.09.11"]

1.e4 c5 2.c4 Nc6 3.Nc3 g6 4.g3 Bg7 5.Bg2 d6 6.Nge2 e5 7.d3 Bg4
8.h3 Be6 9.a3 Nge7 10.Rb1 a5 11.Nb5 O-O 12.O-O Qd7 13.Kh2 f5
14.Nec3 f4 15.g4 Nd4 16.Nxd4 exd4 17.Nb5 h5 18.gxh5 f3 19.Bxf3
Be5+ 20.Kh1 Bxc4 21.Bg4 Qxb5 22.dxc4 Qxc4 23.Bg5 Qf7 24.f4 Bf6
25.h4 Nc6 26.hxg6 Qxg6 27.Be6+ Kh8 28.Bf5 Qe8 29.Qg4 Ne7 30.Be6
Qg6 31.Rbe1 Qh7 32.Rg1 b5 33.e5 dxe5 34.Bxf6+ Rxf6 35.Rxe5 Raf8
36.Rh5 Rh6 37.Rxh6 Qxh6 38.f5 d3 39.Rf1 Ng8 40.Qe4 Rd8 41.Bb3
Rd4 42.Qe5+ Qf6 43.Qxf6+ Nxf6 44.Kg2 c4 45.Bd1 b4 46.axb4 axb4
47.Kf3 Rxh4 48.Ke3 Nd5+ 49.Kd2 Rh2+ 50.Kc1 Ne3 51.Re1 Nxf5 52.Re5
d2+ 53.Kb1 Rf2 54.b3 c3 55.Re4 Rf1 56.Kc2 Re1 57.Rxb4 Ne3+ 58.Kxc3
Rxd1 59.Re4 Nf1 1-0

[Event "2nd League CS-East 2011"]
[Site ""]
[Date "2011.10.14"]
[Round "7.51"]
[White "Petkov, Vladimir"]
[Black "Pavlovic, Dean"]
[Result "1-0"]
[WhiteElo "2511"]
[BlackElo "2287"]
[PlyCount "0"]
[EventDate "2011.09.11"]

1.d4 d5 2.c4 c6 3.Nf3 Nf6 4.Nc3 e6 5.g3 Be7 6.Bg2 Nbd7 7.Qd3
b6 8.O-O O-O 9.e4 dxc4 10.Qxc4 Bb7 11.Rd1 b5 12.Qe2 b4 13.Na4
Qa5 14.b3 c5 15.e5 Nd5 16.Bg5 Bxg5 17.Nxg5 h6 18.Ne4 cxd4 19.Rxd4
Bc6 20.Nd6 N7b6 21.Nxb6 Qxb6 22.Qd2 a5 23.Ne4 Rfd8 24.Rd1 Rd7
25.Nf6+ Nxf6 26.Bxc6 Rxd4 27.Qxd4 Qxc6 28.exf6 g6 29.Qf4 Qc3
30.h4 Rf8 31.Rc1 Qb2 32.Rc5 Qxa2 33.Kg2 Kh7 34.Qd6 Kg8 1-0

[Event "2nd League CS-East 2011"]
[Site ""]
[Date "2011.10.14"]
[Round "7.52"]
[White "Panic, Milan"]
[Black "Paunovic, Tomislav"]
[Result "1/2-1/2"]
[WhiteElo "2265"]
[BlackElo "2349"]
[PlyCount "0"]
[EventDate "2011.09.11"]

1.e4 g6 2.d4 Bg7 3.Nf3 c6 4.Nc3 d5 5.h3 Nh6 6.Bd3 f6 7.O-O Nf7
8.Bf4 e5 9.dxe5 fxe5 10.Bg3 O-O 11.Qe2 d4 12.Nb1 Be6 13.Nbd2 1/2-1/2

[Event "2nd League CS-East 2011"]
[Site ""]
[Date "2011.10.14"]
[Round "7.53"]
[White "Manic, Jovica"]
[Black "Kalcic, Krsta"]
[Result "1-0"]
[WhiteElo "2238"]
[BlackElo "2238"]
[PlyCount "0"]
[EventDate "2011.09.11"]

1.e4 c5 2.Nf3 Nc6 3.d4 cxd4 4.Nxd4 Nf6 5.Nc3 e5 6.Ndb5 d6 7.Bg5
a6 8.Bxf6 gxf6 9.Na3 b5 10.Nd5 Bg7 11.c3 Ne7 12.Nc2 Nxd5 13.Qxd5
Rb8 14.Ne3 Ke7 15.Rd1 Bh6 16.Nf5+ Bxf5 17.exf5 Qb6 18.Be2 Rhg8
19.Qe4 Qb7 20.Rd5 Bc1 21.b3 Rgc8 22.c4 bxc4 23.Bxc4 Qb4+ 24.Ke2
Qc3 25.Rhd1 Rb6 26.Rxd6 Rxc4 27.Rd7+ Kf8 28.bxc4 Rb4 29.Qa8+
Kg7 30.Rxf7+ Kh6 31.Qf8+ Kg5 32.Qg7+ 1-0

[Event "2nd League CS-East 2011"]
[Site ""]
[Date "2011.10.14"]
[Round "7.54"]
[White "Rajkovic, Branislav"]
[Black "Todorovic, Bojan"]
[Result "1/2-1/2"]
[WhiteElo "2172"]
[BlackElo "2288"]
[PlyCount "0"]
[EventDate "2011.09.11"]

1.e4 e5 2.Nf3 Nc6 3.Bb5 Nf6 4.d4 exd4 5.O-O Be7 6.e5 Ne4 7.Nxd4
Nxd4 8.Qxd4 Nc5 9.Nc3 Ne6 10.Qe4 c6 11.Bd3 d5 12.exd6 Qxd6 13.Re1
Nc5 14.Qb4 Be6 15.Ne4 Nxe4 16.Qxe4 1/2-1/2

[Event "2nd League CS-East 2011"]
[Site ""]
[Date "2011.10.14"]
[Round "7.56"]
[White "Stojanovic, Dusan"]
[Black "Ignjatovic, Miroslav K"]
[Result "1/2-1/2"]
[WhiteElo "2166"]
[BlackElo "2156"]
[PlyCount "0"]
[EventDate "2011.09.11"]

1.c4 Nf6 2.Nc3 Nc6 3.e4 e5 4.g3 Bc5 5.Bg2 a6 6.d3 d6 7.h3 Rb8
8.Nge2 Ne7 9.d4 exd4 10.Nxd4 Ng6 11.Be3 O-O 12.O-O Re8 13.Qc2
Bd7 14.a4 c6 15.Rfd1 Qc7 16.Rac1 h6 17.Kh2 Rbd8 18.Na2 a5 19.Nc3
Bc8 20.Rd2 Bb4 21.Nde2 Ne5 22.b3 Ned7 23.Rcd1 Nc5 24.Bd4 Qe7
25.f3 Be6 26.Nf4 1/2-1/2

[Event "2nd League CS-East 2011"]
[Site ""]
[Date "2011.10.14"]
[Round "7.61"]
[White "Petkovic, Dragoslav"]
[Black "Djokic, Nebojsa"]
[Result "1-0"]
[WhiteElo "2194"]
[BlackElo "2203"]
[PlyCount "0"]
[EventDate "2011.09.11"]

1.e4 c5 2.Nf3 Nc6 3.d3 e6 4.g3 d5 5.Nbd2 Nf6 6.Bg2 Be7 7.O-O
O-O 8.Re1 b5 9.e5 Ne8 10.Nf1 a5 11.h4 Ra6 12.N1h2 f5 13.Ng5 g6
14.Nh3 a4 15.a3 b4 16.Bh6 Ng7 17.Nf4 Nd4 18.Nf3 bxa3 19.bxa3
Rb6 20.Nxd4 cxd4 21.Ne2 Bc5 22.c3 Rb3 23.cxd4 Bxa3 24.Bg5 Qd7
25.Bc1 Be7 26.Be3 Ba3 27.Nc1 Bxc1 28.Bxc1 Ba6 29.Bf1 Bb5 30.Ba3
Rf7 31.f4 h6 32.Qd2 Qa7 33.Bc5 Qa6 34.Reb1 Rxb1 35.Rxb1 Rb7 36.Qc1
Bc6 37.Rxb7 Qxb7 38.Ba3 Be8 39.Be2 Kh7 40.Kf2 Bb5 41.Qc5 Qd7
42.Ke3 Ne8 43.Qf8 Qg7 44.Qb4 Qd7 45.h5 Ng7 46.hxg6+ Kxg6 47.Bd1
Qe8 48.Qd6 Kh7 49.Qc7 Qd7 50.Qc5 Qe8 51.Be2 Bd7 52.Qa7 Bb5 53.Bc5
Qd7 54.Qb8 Qe8 55.Qb6 Bd7 56.Qb4 Kg6 57.Be7 Kh7 58.Qd6 Kg8 59.Bf6
Kh7 60.Bd1 Kh8 61.Kd2 Kh7 62.Qc7 Qc8 63.Qxc8 Bxc8 1-0

[Event "2nd League CS-East 2011"]
[Site ""]
[Date "2011.10.14"]
[Round "7.6.2"]
[White "Garic, Radomir"]
[Black "Puzic, Slobodan"]
[Result "1-0"]
[WhiteElo "2265"]
[BlackElo "2138"]
[PlyCount "0"]
[EventDate "2011.09.11"]

1.e4 c5 2.Nf3 Nc6 3.Bb5 g6 4.O-O Bg7 5.c3 Nf6 6.Qa4 O-O 7.d4
cxd4 8.cxd4 Ne8 9.Nc3 Nc7 10.Bxc6 dxc6 11.h3 h6 12.Bf4 Ne6 13.Be3
b5 14.Qb3 Nc7 15.Rfd1 a5 16.a4 b4 17.Ne2 Bb7 18.Nf4 e6 19.Rac1
Re8 20.Ne5 Ra6 21.Rd2 c5 22.dxc5 Qxd2 23.Bxd2 Bxe5 24.Nd3 Bg7
25.c6 Ba8 26.Bf4 Rc8 27.Ne5 Ne8 28.Qd3 Ra7 29.Qd7 Rac7 30.Nxf7
Nf6 31.Bxc7 1-0

[Event "2nd League CS-East 2011"]
[Site ""]
[Date "2011.10.14"]
[Round "7.64"]
[White "Madjar, Stanislav"]
[Black "Nikolic, Vojislav B"]
[Result "1-0"]
[WhiteElo "2173"]
[BlackElo "1962"]
[PlyCount "0"]
[EventDate "2011.09.11"]

1.c4 Nf6 2.Nc3 d6 3.g3 g6 4.Bg2 Bg7 5.e4 Nbd7 6.Nge2 Ne5 7.O-O
O-O 8.d3 Nfd7 9.f4 Nc6 10.Be3 e6 11.Qd2 a6 12.d4 Ne7 13.Rab1
Rb8 14.b4 b6 15.c5 dxc5 16.bxc5 b5 17.d5 exd5 18.exd5 Nf5 19.Bf2
Nf6 20.h3 c6 21.d6 Bd7 22.g4 Qc8 23.gxf5 Bxf5 24.Kh2 Bxb1 25.Rxb1
Qd7 26.Nd4 Rfc8 27.Re1 Bf8 28.Ne4 Nxe4 29.Rxe4 Rd8 30.Re2 Rbc8
31.Bf3 Re8 32.Rxe8 Qxe8 33.Nxc6 1-0

[Event "2nd League CS-East 2011"]
[Site ""]
[Date "2011.10.14"]
[Round "7.65"]
[White "Ilic, Stefan B"]
[Black "Ilic, Aleksandar"]
[Result "1-0"]
[WhiteElo "1774"]
[BlackElo "2138"]
[PlyCount "0"]
[EventDate "2011.09.11"]

1.e4 c5 2.Nc3 d6 3.f4 e6 4.Nf3 Nf6 5.d3 a6 6.g3 b5 7.Bg2 Bb7
8.O-O Qb6 9.Qe2 Nc6 10.h3 Nd4 11.Nxd4 cxd4 12.Nd1 Be7 13.g4 e5
14.g5 Nd7 15.f5 Rc8 16.Rf2 b4 17.b3 Rc5 18.Nb2 Qc7 19.Nc4 Nb6
20.f6 Bf8 21.fxg7 Bxg7 22.Qh5 O-O 23.Bd2 a5 24.Raf1 Nxc4 25.bxc4
Qd7 26.Bf3 Bc8 27.Bg4 Qe8 28.Rg2 Rc7 29.Bxc8 Qxc8 30.Rg4 Qd8
31.Rh4 h6 32.gxh6 Bf6 33.Rg4+ Kh8 34.Qf5 Bh4 35.Rg7 1-0